000 00646nam a2200241 a 4500
003 AR-BaBNM
005 20251128204700.0
008 082120s2002 ||||||||||||||000 | spa||
020 _a84-7232-237-8
040 _cAR-BaBNM
100 1 _aPedros, Ramón
245 0 0 _aLos cuatro nocturnos y una lenta iluminación cerca de Cherbourg
260 _aMadrid
_bCultura Hispánica
_c1974
300 _a68 p.
490 0 _aPoética Leopoldo Panero
_vv. 24
650 4 _aLITERATURA ESPAÑOLA
650 4 _aPOESIA
650 4 _aPREMIOS LITERARIOS
650 4 _aLITERATURA CONTEMPORANEA
655 _aLITERATURA
942 _cBK
998 _cisola
999 _c8393
_d8393